Τα μεταπολεμικά αναγνωστικά της ελληνικής μειονότητας της Αλβανίας : γλωσσική και ιδεολογική προσέγγιση
Αποθηκεύτηκε σε:
| Κύριος συγγραφέας: | |
|---|---|
| Μορφή: | Βιβλίο |
| Γλώσσα: | Greek |
| Δημοσίευση: |
Αθήνα :
Gutenberg,
1996
|
| Θέματα: | |
| Ετικέτες: |
Προσθήκη ετικέτας
Δεν υπάρχουν, Καταχωρήστε ετικέτα πρώτοι!
|
MARC
| LEADER | 00000nam a2200000 i 4500 | ||
|---|---|---|---|
| 001 | 1/69225 | ||
| 008 | 071222s2001 gre d | ||
| 020 | |a 960-01-0784-X | ||
| 035 | |l 10093366 | ||
| 040 | |a GR-MY-UA |b gre |e aacr | ||
| 041 | 0 | |a gre | |
| 082 | 0 | |a 371.8298904965 |2 (22) | |
| 100 | 1 | |a Πασχάλης, Αθανάσιος. | |
| 245 | 1 | 3 | |a Τα μεταπολεμικά αναγνωστικά της ελληνικής μειονότητας της Αλβανίας : |b γλωσσική και ιδεολογική προσέγγιση / |c Αθανάσιος Σπ. Πασχάλης |
| 260 | |a Αθήνα : |b Gutenberg, |c 1996 | ||
| 300 | |a 395 σ.; |c 21 εκ. | ||
| 504 | |a Βιβλιογραφία: σ. 325-352 | ||
| 650 | 0 | 0 | |a Minorities |x Education |z Greece. |
| 650 | 0 | 0 | |a Children of minorities |x Education |z Albania. |
| 650 | 0 | 0 | |a Greeks |x Education |z Albania. |
| 650 | 0 | 0 | |a Linguistic minorities |x Education |z Albania. |
| 650 | 0 | 0 | |a Schools, Greek |z Albania |x History. |
| 852 | |a INST |b RHODES |e 20071222 |h 371.8298904965 ΠΑΣ |p 005400030264 |q 005400030264 |t BK |y 0 | ||
| 901 | |a BIBL4-2007-3 | ||
| 909 | |a Ρ |b 141708 | ||
| 922 | |a 4ΕΛΗ |b 200711 |c ΕΠΕΑΕΚ2/ΠΤΔΕ |d Σ. ΠΑΤΑΚΗΣ | ||
| 970 | |a ΚΟΖΑ |b ΜΑΡΙΑ |z 2007/12/22 | ||